BIBLIOTECA

SENCICO

Diseño y aplicaciones de nuevas tendencias en áreas de jardines y terrazas / (Registro nro. 4450)

Detalles MARC
000 -LEADER
fixed length control field 01535nam a22003137a 4500
003 - CONTROL NUMBER IDENTIFIER
control field PE SENCICO BE
005 - DATE AND TIME OF LATEST TRANSACTION
control field 20251020182647.0
008 - FIXED-LENGTH DATA ELEMENTS--GENERAL INFORMATION
fixed length control field 231115b |||||||| |||| 00| 0 eng d
040 ## - CATALOGING SOURCE
Original cataloging agency PE SENCICO BE
Transcribing agency PE SENCICO BE
041 ## - LANGUAGE CODE
Language code of text/sound track or separate title spa
084 ## - OTHER CLASSIFICATION NUMBER
Classification number I
-- DIS
-- 2017
Item number M36
100 1# - MAIN ENTRY--PERSONAL NAME
9 (RLIN) 1798
Personal name Medrano Alvarez, Briggith Nicole
Relator term autor
245 1# - TITLE STATEMENT
Title Diseño y aplicaciones de nuevas tendencias en áreas de jardines y terrazas /
Statement of responsibility, etc. Briggith Nicole Medrano Alvarez
246 ## - VARYING FORM OF TITLE
Title proper/short title Desarrollo de proyectos de terraza y jardín para espacio exterior de una vivienda
260 ## - PUBLICATION, DISTRIBUTION, ETC.
Place of publication, distribution, etc. Lima :
Date of publication, distribution, etc. 2017
300 ## - PHYSICAL DESCRIPTION
Extent 2 v. :
Other physical details il. col. ;
Dimensions 30 cm.
500 ## - GENERAL NOTE
General note Texto en dos volúmenes. El volumen 2 contiene planos (30 x 40 cm.).
502 ## - DISSERTATION NOTE
Dissertation note Monografía de Titulación.-- Servicio Nacional de Capacitación para la Industria de la Construcción. Escuela Superior Técnica. Carrera Profesional Técnica en Diseño de Interiores, 2017
505 0# - FORMATTED CONTENTS NOTE
Formatted contents note v. 1: Diseño y aplicaciones de nuevas tendencias en áreas de jardines y terrazas -- v. 2: Desarrollo de proyectos de terraza y jardín para espacio exterior de una vivienda
650 10 - SUBJECT ADDED ENTRY--TOPICAL TERM
9 (RLIN) 1412
Topical term or geographic name entry element Jardinería paisajística
650 20 - SUBJECT ADDED ENTRY--TOPICAL TERM
Topical term or geographic name entry element Arquitectura paisajista
9 (RLIN) 1409
650 20 - SUBJECT ADDED ENTRY--TOPICAL TERM
9 (RLIN) 750
Topical term or geographic name entry element Terrazas (Arquitectura doméstica)
650 20 - SUBJECT ADDED ENTRY--TOPICAL TERM
9 (RLIN) 773
Topical term or geographic name entry element Jardinería
650 20 - SUBJECT ADDED ENTRY--TOPICAL TERM
9 (RLIN) 44
Topical term or geographic name entry element Diseño de interiores
650 20 - SUBJECT ADDED ENTRY--TOPICAL TERM
9 (RLIN) 615
Topical term or geographic name entry element Planos
710 1# - ADDED ENTRY--CORPORATE NAME
Corporate name or jurisdiction name as entry element Servicio Nacional de Capacitación para la Industria de la Construcción.
Subordinate unit Escuela Superior Técnica
9 (RLIN) 1065
910 ## - USER-OPTION DATA (OCLC)
-- hfp
-- hfp
942 ## - ADDED ENTRY ELEMENTS (KOHA)
Koha item type Monografía de Titulación
Source of classification or shelving scheme Dewey Decimal Classification
Existencias
Fecha de la última vez que lo usaron Número de ingreso o de inventario Pago total Signatura topográfica completa Código de barras Precio efectivo desde Tipo de documento Estado perdido Estado dañado No es para préstamo Retirado Ubicación permanente Ubicación actual Fecha de adquisición
15/11/2023 I-00274   I/DIS/2017/M36/v. 1 BibLima23110037 15/11/2023 Monografía de Titulación         Biblioteca Central Lima Biblioteca Central Lima 15/11/2023
15/02/2024 I-00449   I/DIS/2017/M36/v. 2 BibLima24020085 15/02/2024 Monografía de Titulación         Biblioteca Central Lima Biblioteca Central Lima 15/02/2024